| 000 | 01571nam a2200241 a 4500 | ||
|---|---|---|---|
| 005 | 20170504020001.0 | ||
| 008 | 140113b1993 ck ||||| |||| 00| 0 spa d | ||
| 020 | _a9589129285 | ||
| 040 | _cCO.BoIH | ||
| 041 | _aspa | ||
| 044 | _ack | ||
| 082 |
_a918.652 _bL68c |
||
| 100 | 1 |
_aLeyva, Pablo _93641 |
|
| 245 | 1 | 0 | _aColombia Pacífico |
| 260 |
_aBogotá _bFondo FEN Colombia _c1993 |
||
| 300 |
_a2 vol. (vol 1 854 p.) _bmapas, tablas, il. (col) _c31 cm. |
||
| 505 | _av.1 Oceanografía ; Los peces ; Las ballenas ; La isla Gorgona y sus ecosistemas ; Ecosistemas costeros ; Geología ; Los foraminíferos ; Geomorfología ; Hidrología e hidrogeología ; Climatología ; Los suelos ; Aspectos biogeográficos del Chocó ; José Cuatrecasas y la flora y la vegetación ; Tipos de vegetación y rasgos fitogeográficos ; Riqueza de especies y composición florística. | ||
| 505 | _av.2 Manumisión, libres y resistencia negra ; Cimarronismo en el sur-occidente ; El canal de Panamá y sus peripecias ; La relación Chocó-Antioquia ; Centinela de dos océanos : Urabá ; Población y poblamiento ; La costa brava ; La vivienda rural en el Chocó ; Salud humana y condiciones ambientales ; Salud y culturas médicas tradicionales ; Visión general de la educación ; Otra educación, otro desarrollo ; Cultura del litoral pacífico. | ||
| 651 | 6 |
_aCosta Pacífica (Colombia) _xDescripciones y viajes. _929812 |
|
| 651 | 6 |
_aCosta Pacífica (Colombia) _xHistoria _929813 |
|
| 651 | 6 |
_aCosta Pacífica (Colombia) _xCondiciones socioeconómicas. _929814 |
|
| 942 |
_cLIBRO _2ddc _03 |
||
| 999 |
_c63 _d63 |
||